01661nam0a2200337 4500001001900000005001700019010003000036021001900066035002200085035002600107100004100133101001300174102000700187105001800194106000600212200026100218210008100479215003900560300004600599606011300645606010700758606011100865606010600976686001501082686001301097700007101110701005601181801003201237801002601269801002801295RU\NLR\bibl\50021120260406155820.0 a5-9550-0244-8bв пер. aRUb2003-63498 aRSL-KNO-002380228 a(NLR Aleph) 000492816 a20031112d2003 |||y0rusy50 ca1 arusceng aRU ay zzzz000zy ar1 aДаосские секреты любвиeСексуал. секреты, которые следует знать каждому мужчинеfМантэк Чиа, Дуглас Абрамс Араваg[Пер. с англ.: В. Трилис и др.] aМ. [и др.]cСофияd2003eОАО Яросл. полигр. комб. a284, [2] с.cил., табл.d21 aНа обл. авт.: Мантэк Чиа0 aСексуальность у мужчинjПопулярная литература3RU\NLR\auth\6612625080 aМужчиныjПопулярные изданияxСексуальность3RU\NLR\auth\6612674650 aПоловая жизнь мужчиныjПопулярная литература3RU\NLR\auth\6612565840 aМужчиныjПопулярные изданияxПоловая жизнь3RU\NLR\auth\661256583 aР701.1я9 aР702я9 140708rus7caaЧиаbМ.f1944-gМантэк3RU\NLR\auth\777960 1aАраваbД. А.gДуглас Абрамс4070 0aRUbRuMoRKPc20031112gPSBO 1aRUbRuMoRKPc20031112 2aRUbNLRc20040315gPSBO